Mario Design Evolution - Click Quiz - Statistics

General Stats
  • This quiz has been taken 3,045 times
  • The average score is 8 of 11
Answer Stats
Hint Answer % Correct
Dr. Mario
85%
Super Mario Bros.
81%
Super Mario Odyssey
80%
Paper Mario
76%
Super Mario Galaxy
72%
Super Mario 64
72%
Super Mario Sunshine
68%
Super Mario RPG
64%
Super Mario Bros. 2
64%
Super Mario World
63%
Super Mario Land
51%
No matching quizzes found
Score Distribution
Percent of People with Each Score
Percentile by Number Answered
Your Score History
You have not taken this quiz